Nuevas lecturas de política económica (Registro nro. 3843)

Detalles MARC
000 -LEADER
fixed length control field 01312 a2200241 4500
001 - CONTROL NUMBER
control field 44902
005 - DATE AND TIME OF LATEST TRANSACTION
control field 20260407155723.0
008 - FIXED-LENGTH DATA ELEMENTS--GENERAL INFORMATION
fixed length control field 260407a2001 arg spa d
003 - CONTROL NUMBER IDENTIFIER
control field AR-UNSa-BCEJYS
040 ## - CATALOGING SOURCE
Original cataloging agency AR-UNSa-BCEJYS
Language of cataloging spa
Transcribing agency AR-UNSa-BCEJYS
080 ## - UNIVERSAL DECIMAL CLASSIFICATION NUMBER
Universal Decimal Classification number 338.2(82)
Common auxiliary subdivision Política económica. Control de la economía. Gestión de la economía. Planificación económica en Argentina
020 ## - INTERNATIONAL STANDARD BOOK NUMBER
International Standard Book Number 987-9094-47-6
041 ## - LANGUAGE CODE
Language code of text/sound track or separate title spa
100 1# - MAIN ENTRY--PERSONAL NAME
Personal name Diaz Cafferata, Alberto M.
245 10 - TITLE STATEMENT
Title Nuevas lecturas de política económica
Name of part/section of a work (Argentina en la globalización)
264 #1 - PRODUCTION, PUBLICATION, DISTRIBUTION, MANUFACTURE, AND COPYRIGHT NOTICE
Place of production, publication, distribution, manufacture Córdoba :
Name of producer, publisher, distributor, manufacturer Ediciones Eudecor
Date of production, publication, distribution, manufacture, or copyright notice 2001
300 ## - PHYSICAL DESCRIPTION
Extent 573 p.
Dimensions 25 cm.
505 ## - FORMATTED CONTENTS NOTE
Formatted contents note 1. Política, Instrumentos y Pensamiento Económicos – 2. Origen y Desarrollo de la Economía Argentina – 3. El Mercado Laboral – 4. Sector Externo y Restricción Externa – 5. El Sector Primario: Agro Minería – 6. El Sector Manufacturero – 7. Los Mercados Financieros – 8. Economías Regionales – 9. Aspectos Fiscales – 10. Empresas Estatales e Infraestructura – 11. El Gasto Social – 12. Otros Análisis Económicos.
590 ## - LOCAL NOTE (RLIN)
Local note niveau_biblio:m niveau_hierar:0
700 1# - ADDED ENTRY--PERSONAL NAME
Personal name Figueras, Alberto José
856 41 - ELECTRONIC LOCATION AND ACCESS
Uniform Resource Identifier <a href="https://www.biblioeco.unsa.edu.ar/pmb/images/libros/L127025.jpg">https://www.biblioeco.unsa.edu.ar/pmb/images/libros/L127025.jpg</a>
Link text Imagen de portada
Electronic format type image/jpeg
942 ## - ADDED ENTRY ELEMENTS (KOHA)
Koha item type
Existencias
Withdrawn status Lost status Damaged status Not for loan Home library Current library Shelving location Date acquired Total checkouts Full call number Barcode Date last seen Price effective from Koha item type
        Biblioteca Prof. Eusebio Cleto del Rey Biblioteca Prof. Eusebio Cleto del Rey   07/04/2026   338.2(82) F475 L127025 07/04/2026 07/04/2026 Libro